| 000 | 00375nam a2200145Ia 4500 | ||
|---|---|---|---|
| 008 | 230917s9999||||xx |||||||||||||| ||und|| | ||
| 040 |
_e36134 _aMAIN |
||
| 041 | _aEnglish | ||
| 082 | _a658.152 G749C | ||
| 100 | _aGoyal, V K | ||
| 245 | 0 | _aCost of capital measurement in Indian industries | |
| 260 |
_aNew Delhi _bDeep & Deep _c1990 |
||
| 300 | _aviii, 135 p. | ||
| 942 | _cBK | ||
| 999 |
_c67928 _d67928 |
||